000 00836nam a22002177a 4500
999 _c175513
_d175513
005 20200908111146.0
010 _aENG-128389
020 _c795.00
_a9789353946616
035 _aEN-111921
037 _bDBAD/PUB
082 _a000
100 _aSinha, Nishit K.
245 _aLogical Reasoning and Data Interpretation for CAT:
_cby Nishit K. Sinha
_bAlso useful for other MBA entrance examinations like SNAP, XAT and IIFT
260 _aNoida
_bPearson
_c2020
270 _a15th floor,Tower-B,Word Trade Tower,Plot no.1,Block-C sec 16,
_bNoida
_e201301
_k04466540100
_mcompanysecretary.india@pearson.com
300 _axviii;Various pages.
_c25cm(pbk)
500 _aCAT
700 _aSr. Senior Editor-Acquisitions: Sharel Simon
700 _aSr. Senior Editor-Production: Vipin Kumar
942 _2ddc
_cEN
_h000
_mSIN